[Event "22nd OIBM 2018"]
[Site "Gmund am Tegernsee"]
[Date "2018.10.30"]
[Round "4"]
[White "Zude, Arno"]
[Black "Zanan, Evgeny"]
[Result "1/2-1/2"]
[WhiteElo "2349"]
[BlackElo "2514"]
[Annotator "TA"]
[PlyCount "84"]
[EventDate "2018.10.27"]
[EventType "swiss"]
[EventCountry "GER"]
[SourceTitle "playchess.com"]
[Source "ChessBase"]
[SourceQuality "1"]

{[%evp 26,84,28,12,12,0,0,0,13,0,0,0,22,0,62,54,105,102,98,100,95,82,101,105,101,96,110,-11,-15,-16,25,-31,-34,-39,-21,-38,-36,-23,-23,-45,-36,-45,-48,-41,-63,-58,-57,-39,-32,-52,0,-6,0,0,0,-139,0,0,0,-139,0]} 1. e4 c5 2. Nf3 d6 3. d4 cxd4 4. Nxd4 Nf6 5. Nc3 a6 6. f3 e5 7. Nb3 Be6 8. Be3 Nbd7 9. g4 b5 10. g5 {B90: Sicilian Najdorf: Unusual White 6th moves, 6 Be3 Ng4 and 6 Be3 e5} b4 11. Nd5 (11. Ne2 Ng8 12. f4 h6 13. f5 Bc4 14. g6 fxg6 15. Ng3 Bxf1 16. Rxf1 Ngf6 17. fxg6 Qc7 {1-0 (34) Aronian,L (2767)-So,W (2780) Saint Louis 2018}) 11... Nxd5 12. exd5 Bf5 13. Bd3 Bxd3 14. Qxd3 {LiveBook: 86 Games} Be7 15. Rg1 O-O 16. O-O-O a5 17. Kb1 a4 18. Nd2 $146 Qa5 19. h4 {[%cal Bh2h4,Bh4h5,Bh5h6][%mdl 32]} Rac8 (19... f5 $11) 20. h5 $14 a3 (20... Qc7 $14) 21. Nc4 $16 Qc7 22. b3 f5 23. gxf6 Bxf6 24. h6 g6 25. Rg4 Kh8 26. Nd2 {[#]} ({White should try} 26. Bd2 $16) 26... e4 $1 $11 {[%mdl 512]} 27. Qc4 (27. Nxe4 Ne5) 27... Qb7 28. Qxe4 (28. Qe2 $1 $11) 28... Rce8 $15 29. Qf4 $1 Qxd5 {And now ...Ne5 would win.} 30. Bd4 Kg8 31. Nc4 Ne5 32. Qe4 Qxe4 $1 33. Rxe4 Nxc4 34. Rxe8 $1 Rxe8 35. Bxf6 {[%mdl 4096] Endgame KRB-KRN} Nd2+ $1 36. Kc1 Nxf3 37. Rxd6 Kf7 (37... g5 $1 $15) 38. Bg7 {Black must now prevent Rf6+.} Re1+ 39. Rd1 Re3 40. Rd3 {[#]} (40. c3 $11 {remains equal.}) 40... Re1+ (40... Rxd3 $1 $17 41. cxd3 Nh4) 41. Rd1 $11 Re3 (41... Re4 $11) 42. Rd3 $17 {[#]} Re1+ {Precision: White = 49%, Black = 67%.} (42... Rxd3 $1 $17 43. cxd3 Nh4) 1/2-1/2

[Event "22nd OIBM 2018"]
[Site "Gmund am Tegernsee"]
[Date "2018.10.30"]
[Round "4"]
[White "Weber, Ulrich"]
[Black "Juergens, Klaus"]
[Result "1-0"]
[WhiteElo "2347"]
[BlackElo "2149"]
[Annotator "NA"]
[PlyCount "77"]
[EventDate "2018.10.27"]
[EventType "swiss"]
[EventCountry "GER"]
[SourceTitle "playchess.com"]
[Source "ChessBase"]
[SourceQuality "1"]
[TimeControl "40/5400+30:1800+30"]

1. Nf3 {[%emt 0:00:00]} Nf6 {[%emt 0:00:00]} 2. g3 {[%emt 0:00:00]} g6 {[%emt 0:00:00]} 3. Bg2 {[%emt 0:00:00]} Bg7 {[%emt 0:00:08]} 4. d4 {[%emt 0:00:00]} O-O {[%emt 0:00:13]} 5. O-O {[%emt 0:00:00]} d6 {[%emt 0:00:12]} 6. Re1 {[%emt 0:00:00]} Nbd7 {[%emt 0:00:25]} 7. e4 {[%emt 0:00:03]} e5 {[%emt 0:00:21]} 8. h3 {[%emt 0:01:09] A49: 1 d4 Nf6 2 Nf3 g6 3 g3: Anti-King's Indian systems} (8. Nc3 Re8 9. h3 c6 10. a4 b6 11. Bg5 Bb7 12. Qd2 Qc7 13. Rad1 a6 14. dxe5 dxe5 15. Qd6 Qxd6 16. Rxd6 h6 17. Bxf6 Nxf6 18. Nd2 {½-½ (80) Kramnik,V (2792)-Grischuk,A (2766) Paris 2018}) 8... c6 {[%emt 0:01:38]} 9. a4 {[%emt 0:00:16]} b6 $146 {[%emt 0:01:15]} ({Predecessor:} 9... a5 10. Na3 exd4 11. Nxd4 Nc5 12. Nb1 d5 13. exd5 Nxd5 14. Nc3 Nxc3 15. bxc3 Re8 {0-1 (44) Abdulla,A (2503)-Atabayev,S (2422) Chengdu 2017}) 10. c4 {[%emt 0:06:57]} Qc7 {[%emt 0:03:16]} 11. Nc3 {[%emt 0:02:24]} Bb7 {[%emt 0:04:58]} 12. b3 {[%emt 0:07:09]} Rfe8 {[%emt 0:10:24]} 13. Bb2 {[%emt 0:04:21]} exd4 {[%emt 0:02:25]} 14. Nxd4 {[%emt 0:00:11]} Nc5 {[%emt 0:00:47]} 15. Qc2 {[%emt 0:01:46]} Ne6 {[%emt 0:08:20]} 16. Nf3 {[%emt 0:17:33]} Nd7 {[%emt 0:05:06]} 17. Rad1 {[%emt 0:03:31]} Ne5 {[%emt 0:01:04]} 18. Nh2 {[%emt 0:01:51]} Rad8 {[%emt 0:10:05]} 19. Rd2 {[%emt 0:15:19]} Qb8 {[%emt 0:15:26]} 20. f4 {[%emt 0:03:16]} Nd7 {[%emt 0:00:35]} 21. Red1 {[%emt 0:00:37]} Ndc5 {[%emt 0:03:59]} 22. Ne2 {[%emt 0:03:35]} a5 {[%emt 0:10:00]} 23. Bxg7 {[%emt 0:01:17]} Kxg7 {[%emt 0:01:19]} 24. Ng4 {[%emt 0:03:00]} f6 {[%emt 0:00:58]} 25. Qb2 {[%emt 0:01:07]} Rf8 {[%emt 0:00:51]} 26. h4 {[%emt 0:06:29]} h5 {[%emt 0:01:53]} 27. Ne3 {[%emt 0:00:36]} Kf7 {[%emt 0:01:27]} 28. f5 {[%emt 0:01:05]} Ng7 {[%emt 0:01:00]} 29. fxg6+ {[%emt 0:03:22]} Kxg6 {[%emt 0:00:08]} 30. Qc2 {[%emt 0:03:26]} Kf7 {[%emt 0:01:59]} 31. Nd4 {[%emt 0:00:52]} Nce6 {[%emt 0:06:15]} 32. Ndf5 {[%emt 0:01:58]} Ne8 {[%emt 0:00:37]} 33. Qd3 {[%emt 0:02:59]} Bc8 {[%emt 0:02:18]} 34. Qe2 {[%emt 0:00:12]} Rh8 {[%emt 0:01:13]} 35. Qf2 {[%emt 0:03:07]} N8g7 $18 {[%emt 0:00:44]} (35... Qc7 36. g4 hxg4 37. Nxg4 Nc5) 36. Nxd6+ {[%emt 0:00:27]} Ke7 {[%emt 0:00:59]} 37. e5 {[%emt 0:01:28]} Rdf8 {[%emt 0:01:12]} 38. Nxc8+ {[%emt 0:01:01]} Qxc8 {[%emt 0:00:16]} 39. exf6+ {[%emt 0:00:14]} 1-0

[Event "22nd OIBM 2018"]
[Site "Gmund am Tegernsee"]
[Date "2018.10.30"]
[Round "4"]
[White "Singer, Christoph"]
[Black "Lutz, Albert"]
[Result "1-0"]
[WhiteElo "2344"]
[BlackElo "2139"]
[Annotator "TA"]
[PlyCount "89"]
[EventDate "2018.10.27"]
[EventType "swiss"]
[EventCountry "GER"]
[SourceTitle "playchess.com"]
[Source "ChessBase"]
[SourceQuality "1"]

{[%evp 20,89,8,0,30,30,30,18,41,10,18,2,14,-11,0,-7,0,-4,0,0,47,47,51,26,29,7,8,14,29,50,45,20,75,71,104,76,189,184,190,187,173,146,184,132,264,268,386,389,289,281,217,0,241,238,227,229,293,269,286,0,286,281,435,383,720,419,714,702,4898,3112,29998,29999]} 1. c4 e6 2. d4 d5 3. Nc3 Nf6 4. Bg5 Be7 5. e3 Nbd7 6. Nf3 O-O 7. cxd5 Nxd5 8. Bxe7 Qxe7 9. Nxd5 exd5 10. Bd3 Nf6 11. Qc2 {LiveBook: 16 Games} Bg4 {D60: Queen's Gambit Declined: Classical: Unusual White 7th moves} (11... c6 12. O-O Ne4 13. Nd2 Bf5 14. Nxe4 Bxe4 15. Bxe4 Qxe4 16. Qxe4 dxe4 17. Rfc1 Rfd8 18. Rc5 f6 19. h4 Kf7 20. g4 Rd6 {1-0 (42) Deviatkin,A (2577)-Vaibhav,S (2485) Mumbai 2012}) 12. Ne5 Bh5 13. O-O Bg6 {The position is equal.} 14. Bxg6 $146 ({Predecessor:} 14. Nxg6 hxg6 15. Rfc1 c6 16. Rab1 a5 17. Qc5 Qc7 18. Rc2 a4 19. b4 {½-½ (34) Kovacs,M-Watzl,L Vienna 1947}) 14... hxg6 15. b4 c6 16. Rab1 a6 17. a4 Rfc8 18. Rfc1 Qe6 19. Nd3 Rab8 20. Nc5 Qe7 21. Qd3 Ne8 {[%cal Bf6e8,Be8d6,Bd6c4][%mdl 32]} 22. f3 Nd6 23. e4 {[%cal Be3e4,Be4e5][%mdl 32]} Re8 {[%cal Rd5e4]} 24. e5 $36 {[%mdl 2048] Black is under pressure.} Nc4 25. f4 Qh4 (25... a5 $11 {remains equal.}) 26. Rf1 $16 Re7 27. Rf3 Ra8 (27... a5 $16) 28. a5 $18 Rae8 {[#]} 29. Rbf1 $1 {[%cal Bb1f1,Bf1f3,Bf3g3][%mdl 32]} Qh5 30. f5 gxf5 31. Rxf5 ({Better is} 31. Rg3 $18) 31... Qg6 (31... Qh6 $16) 32. R1f3 f6 (32... Nb2 $142 33. Qd2 Nc4) 33. Rg3 Qh7 {[%cal Rf6e5]} 34. Rh3 Qg6 35. Rg3 Qh7 {[%cal Rf6e5]} 36. Rxf6 {Rf5 is the strong threat.} ({But not} 36. exf6 $6 Nd6 $16) 36... Qxd3 37. Nxd3 Kh7 38. Rh3+ Kg8 39. Rg3 Kh7 $1 40. Rf4 b6 (40... Nd2 $142 41. Rh3+ Kg8) 41. axb6 Rb8 $2 (41... Nxb6 42. Rh4+ Kg8) 42. Nc5 Rxb6 (42... Nxb6 $142 43. Rh4+ Kg8) 43. e6 Nd6 44. Nd7 Rxb4 {[#]} 45. Nf6+ $1 {[%mdl 512] Precision: White = 58%, Black = 23%.} 1-0

[Event "22nd OIBM 2018"]
[Site "Gmund am Tegernsee"]
[Date "2018.10.30"]
[Round "4"]
[White "Koepke, Christian"]
[Black "Fahland, Matthias"]
[Result "1/2-1/2"]
[WhiteElo "2331"]
[BlackElo "2138"]
[Annotator "TA"]
[PlyCount "107"]
[EventDate "2018.10.27"]
[EventType "swiss"]
[EventCountry "GER"]
[SourceTitle "playchess.com"]
[Source "ChessBase"]
[SourceQuality "1"]

{[%evp 10,107,7,-4,29,21,27,25,120,114,198,170,173,152,152,178,183,178,233,147,332,159,149,139,152,156,172,116,116,108,105,112,109,107,117,117,105,90,147,147,160,159,183,141,161,159,155,-150,-139,-148,-69,-65,-30,-35,-25,-452,-182,-202,-75,-83,-82,-127,-17,-17,-16,-25,-10,-29,-27,-29,0,0,0,-10,0,0,0,-26,-26,-26,0,0,0,0,0,0,0,-15,-15,-15,0,-18,0,0,0,0,0,0,0,0]} 1. e4 c5 2. Be2 Nc6 3. f4 g6 4. Nf3 Bg7 5. O-O d6 6. c3 {LiveBook: 21 Partien. B21: Sizilianisch (Morra-Gambit 2.d4 und 2.f4)} e5 7. fxe5 dxe5 8. Bb5 $146 {Weiß hat minimalen Vorteil.} ({Vorgänger:} 8. Bc4 Nf6 9. d3 O-O 10. Bg5 Qd6 11. Nbd2 Be6 12. Qe2 Nh5 13. Be3 {0-1 (57) Fedoseev,V (2659)-Gelfand,B (2741) Berlin 2015}) 8... Nge7 {[#]} (8... Nf6 $11 {hält das Gleichgewicht.}) 9. Ng5 $1 $16 {[%cal Rg5f7]} Be6 (9... O-O $16) 10. Nxe6 $18 fxe6 11. Qf3 Rf8 12. Qh3 Rxf1+ 13. Bxf1 Qd6 (13... Kf7 {kämpft weiter.} 14. Na3 Qd7) 14. d3 Kf8 $2 (14... Kf7 $16 15. Nd2 Rf8) 15. Be3 (15. Qxh7 $18 {und der Rest ist Schweigen. Schwarz muss nun Sa3 beachten.} c4 16. Be3 (16. dxc4 Qc5+ 17. Kh1 Qf2 $14)) 15... Kg8 $16 16. Nd2 Nd8 17. Be2 Nec6 18. a4 (18. a3 $18) 18... b6 {[%cal Bb7b6,Bb6b5][%mdl 32]} 19. Nc4 Qe7 20. Qg3 Nf7 21. a5 b5 22. Nd2 Rc8 23. a6 Bf8 (23... Bh6 $142) 24. Nb3 Nb8 25. Ra5 Qd6 26. Rxb5 Qxa6 27. Ra5 Qb7 28. Nxc5 $2 (28. Bd1 $16) 28... Qxb2 $17 29. Bd1 Nc6 ({Lieber} 29... Qxc3 $17 30. Nb3 Qxd3) 30. Ra4 $15 Bxc5 (30... Nd4 $5 31. cxd4 exd4 $11) 31. Bxc5 Qxc3 32. Bxa7 $2 {[%mdl 8192]} (32. Rc4 $11 {und Weiss steht sicher.} Qa1 33. Qe1) 32... Qd2 (32... Nxa7 $142 33. Rxa7 Qd4+ 34. Qf2 Rc1 35. Qxd4 Rxd1+ 36. Kf2 exd4) 33. Qf3 $19 {[#]} Nd4 (33... Rd8 $1 $19 {[%cal Rd8d3] ist viel giftiger.} 34. Qf1 Rxd3) 34. Bxd4 $17 exd4 35. Ra1 Qe1+ ({Günstiger ist} 35... Ne5 $17 36. Qe2 Qc3) 36. Qf1 $11 Qe3+ 37. Kh1 Rf8 {Droht ...Se5 und aus.} 38. Bb3 Ng5 39. Qd1 Qf4 40. Bc4 Kg7 41. Qe1 (41. Qg1 {with more complications.} e5 42. Ra7+ Kh8 43. h3 Rc8 44. Qb1) 41... e5 42. Kg1 h5 43. Qg3 Qxg3 44. hxg3 {[%mdl 4096] Endspiel KTL-KTS} Rb8 45. Ra7+ {Die Stellung ist ausgeglichen.} Kf6 46. Ra6+ Kg7 47. Ra7+ Kf6 48. Ra2 Rb1+ 49. Kf2 Rc1 {...Sxe4+! ist eine echte Drohung.} 50. Bd5 Rd1 51. Ke2 Rg1 52. Kf2 Rd1 53. Ke2 Rg1 54. Kf2 {Precision: Weiß = 40%, Schwarz = 29%.} 1/2-1/2

[Event "22nd OIBM 2018"]
[Site "Gmund am Tegernsee"]
[Date "2018.10.30"]
[Round "4"]
[White "Schnepp, Gunnar"]
[Black "Ditter, Juergen"]
[Result "1-0"]
[WhiteElo "2320"]
[BlackElo "2131"]
[Annotator "ChessBase"]
[PlyCount "39"]
[EventDate "2018.10.27"]
[EventType "swiss"]
[EventCountry "GER"]
[SourceTitle "playchess.com"]
[Source "ChessBase"]
[SourceQuality "1"]
[TimeControl "40/5400+30:1800+30"]

1. Nf3 {[%emt 0:00:00]} Nf6 {[%emt 0:00:00]} 2. c4 {[%emt 0:00:00]} c5 {[%emt 0:00:03]} 3. d4 {[%emt 0:00:06]} e6 {[%emt 0:01:14]} 4. g3 {[%emt 0:01:30]} d5 {[%emt 0:01:06]} 5. cxd5 {[%emt 0:00:24]} exd5 {[%emt 0:00:21]} 6. Bg2 {[%emt 0:00:10]} Nc6 {[%emt 0:00:19]} 7. O-O {[%emt 0:00:14]} Be6 {[%emt 0:03:04]} 8. Nc3 {[%emt 0:02:56]} Be7 {[%emt 0:01:33]} 9. dxc5 {[%emt 0:03:15]} Bxc5 {[%emt 0:00:30]} 10. Ng5 {[%emt 0:00:59]} O-O {[%emt 0:05:24]} 11. Bf4 {[%emt 0:05:11]} Qd7 {[%emt 0:10:26]} 12. Rc1 {[%emt 0:03:07]} Be7 {[%emt 0:02:01]} 13. Nxe6 {[%emt 0:14:54]} fxe6 {[%emt 0:04:29]} 14. e4 {[%emt 0:00:18]} d4 {[%emt 0:07:28]} 15. e5 {[%emt 0:02:33]} Nd5 {[%emt 0:04:36]} 16. Nxd5 {[%emt 0:03:38]} exd5 {[%emt 0:00:12]} 17. Qb3 {[%emt 0:01:08]} Rad8 {[%emt 0:01:30]} 18. e6 {[%emt 0:01:46]} Qxe6 {[%emt 0:13:28]} 19. Qxb7 {[%emt 0:02:11]} Na5 {[%emt 0:00:15]} 20. Qxa7 1-0

[Event "22nd OIBM 2018"]
[Site "Gmund am Tegernsee"]
[Date "2018.10.30"]
[Round "4"]
[White "Welling, Gerard"]
[Black "Koelle, Tobias"]
[Result "1-0"]
[WhiteElo "2297"]
[BlackElo "2125"]
[Annotator "NA"]
[PlyCount "103"]
[EventDate "2018.10.27"]
[EventType "swiss"]
[EventCountry "GER"]
[SourceTitle "playchess.com"]
[Source "ChessBase"]
[SourceQuality "1"]
[TimeControl "40/5400+30:1800+30"]

1. e4 {[%emt 0:00:00]} e5 {[%emt 0:00:00]} 2. Nc3 {[%emt 0:00:23]} Nf6 {[%emt 0:00:00]} 3. Bc4 {[%emt 0:01:37]} Bc5 {[%emt 0:00:15]} 4. d3 {[%emt 0:00:24]} c6 {[%emt 0:00:05]} 5. Qf3 {[%emt 0:03:30]} O-O {[%emt 0:08:32]} 6. Bg5 {[%emt 0:04:30]} h6 $146 {[%emt 0:04:05] C27: Vienna Game: 2...Nf6 3 Bc4 Nxe4} ({Predecessor:} 6... Be7 7. Nge2 d6 8. h3 b5 9. Bb3 Nbd7 10. O-O Nc5 11. d4 Ne6 12. Be3 b4 13. dxe5 dxe5 14. Nb1 {½-½ (52) Ibragimov,I (2585)-Altounian,L (2456) San Diego 2004}) 7. Bxf6 {[%emt 0:00:50]} Qxf6 {[%emt 0:00:30]} 8. Qxf6 {[%emt 0:00:04]} gxf6 {[%emt 0:00:07]} 9. Nge2 {[%emt 0:01:10]} b5 {[%emt 0:07:14]} 10. Bb3 {[%emt 0:00:10]} a5 {[%emt 0:00:31]} 11. a4 {[%emt 0:01:32]} b4 {[%emt 0:00:22]} 12. Nd1 {[%emt 0:01:05]} d6 {[%emt 0:14:56]} 13. Ng3 {[%emt 0:09:06]} Be6 {[%emt 0:00:49]} 14. Ne3 {[%emt 0:04:22]} Bxe3 {[%emt 0:07:27]} 15. fxe3 {[%emt 0:00:04]} Nd7 {[%emt 0:00:41]} 16. O-O {[%emt 0:04:12]} Kg7 {[%emt 0:09:02]} 17. d4 {[%emt 0:01:33]} exd4 {[%emt 0:04:36]} 18. exd4 {[%emt 0:00:25]} d5 {[%emt 0:01:42]} 19. exd5 {[%emt 0:00:46]} cxd5 {[%emt 0:01:16]} 20. Nf5+ {[%emt 0:02:56]} Kh7 {[%emt 0:04:53]} 21. Ne7 {[%emt 0:04:21]} Nb6 {[%emt 0:04:24]} 22. Rxf6 {[%emt 0:00:08]} Kg7 {[%emt 0:04:19]} 23. Raf1 {[%emt 0:01:01]} Rfe8 {[%emt 0:03:55]} 24. Nc6 {[%emt 0:00:29]} Nd7 {[%emt 0:00:31]} 25. R6f3 {[%emt 0:01:01]} Ra6 {[%emt 0:00:19]} 26. Ne5 {[%emt 0:00:20]} Nxe5 {[%emt 0:00:06]} 27. dxe5 {[%emt 0:00:04]} Rc6 {[%emt 0:01:17]} 28. Rg3+ {[%emt 0:03:06]} Kf8 {[%emt 0:01:05]} 29. Rf6 {[%emt 0:00:30]} Rec8 {[%emt 0:06:46]} 30. Rxh6 {[%emt 0:05:58]} Rxc2 {[%emt 0:00:59]} 31. Bxc2 {[%emt 0:07:35]} Rxc2 {[%emt 0:00:03]} 32. Rh8+ {[%emt 0:00:21]} Ke7 {[%emt 0:00:01]} 33. b3 {[%emt 0:00:14]} d4 {[%emt 0:01:40]} 34. Ra8 {[%emt 0:01:26]} Rc3 {[%emt 0:02:17]} 35. Ra7+ {[%emt 0:00:06]} Kf8 {[%emt 0:00:08]} 36. Kf2 {[%emt 0:06:58]} (36. Rxa5 $18 Bxb3 37. Rg4) 36... Bxb3 {[%emt 0:02:41]} 37. Rxa5 {[%emt 0:02:00]} Bc2 $2 {[%emt 0:02:21]} (37... Bc4 $11) 38. Rb5 {[%emt 0:01:51]} b3 {[%emt 0:02:37]} 39. a5 {[%emt 0:03:31]} d3 {[%emt 0:01:01]} 40. Ke3 {[%emt 0:00:35]} Rc4 {[%emt 0:01:23]} 41. Kd2 {[%emt 0:30:27]} Ra4 {[%emt 0:32:00]} 42. Rxd3 {[%emt 0:01:04]} Bxd3 {[%emt 0:00:07]} 43. Kxd3 {[%emt 0:00:02]} Ra2 {[%emt 0:00:30]} 44. Kc3 {[%emt 0:02:34]} Rxg2 {[%emt 0:01:42]} 45. Kxb3 {[%emt 0:00:01]} Rg1 {[%emt 0:00:42]} 46. Kb4 {[%emt 0:00:12]} Ra1 {[%emt 0:00:22]} 47. Kc5 {[%emt 0:00:05]} Ke7 {[%emt 0:00:20]} 48. Kb6 {[%emt 0:00:08]} f6 {[%emt 0:00:17]} 49. a6 {[%emt 0:01:22]} fxe5 {[%emt 0:00:07]} 50. a7 {[%emt 0:00:03]} e4 $18 {[%emt 0:00:08]} 51. Ra5 {[%emt 0:00:48]} Rb1+ {[%emt 0:00:06]} 52. Ka6 {[%emt 0:00:02]} 1-0

[Event "22nd OIBM 2018"]
[Site "Gmund am Tegernsee"]
[Date "2018.10.30"]
[Round "4"]
[White "Schuster, Karsten"]
[Black "Thrish Karthik"]
[Result "1-0"]
[WhiteElo "2283"]
[BlackElo "2116"]
[Annotator "TA"]
[PlyCount "119"]
[EventDate "2018.10.27"]
[EventType "swiss"]
[EventCountry "GER"]
[SourceTitle "playchess.com"]
[Source "ChessBase"]
[SourceQuality "1"]

{[%evp 12,119,8,6,30,14,13,-4,15,-8,3,-1,19,8,30,12,66,59,62,45,57,51,49,49,68,15,43,32,44,35,37,25,31,24,35,0,0,0,59,70,70,34,50,57,83,77,87,84,94,100,100,92,95,85,105,87,85,83,85,81,89,71,70,68,79,75,118,110,143,136,175,135,229,233,248,235,229,243,339,330,388,394,370,348,626,625,597,588,29978,29979,29979,29980,29979,29980,29983,29984,29984,29985,29982,29983,29983,29983,29983,29984,29984,29985,29994,29995,29995,29996]} 1. d4 d5 2. Nf3 a6 3. Bf4 Nf6 4. e3 e6 5. Bd3 Nbd7 (5... c5 6. c3 Bd6 7. Bg3 Nc6 8. Nbd2 O-O 9. Ne5 Ne7 10. O-O b6 11. Bh4 Nf5 12. Bg5 h6 {1-0 (42) Carlsen,M (2834)-Yu,Y (2736) Doha 2015 CBM 170 [Sagar Shah/CB Website]}) 6. Nbd2 {D02: Damenbauernspiele} c5 7. c3 {LiveBook: 3 Partien} b6 8. h3 {Weiß hat minimalen Vorteil.} Bb7 9. Qb1 $146 ({Vorgänger:} 9. O-O Be7 10. Qe2 O-O 11. Rad1 Ne4 12. Bb1 Nxd2 13. Qxd2 {1-0 (71) Lys,J-Achimsky,I Kubin 1978}) 9... Be7 10. g4 Nf8 11. b4 {bxc5 ist eine echte Drohung.} cxb4 12. cxb4 Ng6 13. Bg3 Ne4 (13... Rc8 $11) 14. Nxe4 $14 dxe4 15. Bxe4 Bxb4+ 16. Ke2 ({Falsch wäre} 16. Qxb4 $2 Bxe4 17. Nd2 Bxh1 $19) 16... Bxe4 17. Qxe4 {Und Thb1 würde nun gewinnen.} O-O 18. Rhc1 (18. d5 $1 $14 Bd6 19. Bxd6 Qxd6 20. dxe6) 18... Bd6 19. Bxd6 Qxd6 20. Rc6 Qb4 21. Rb1 Qa5 22. Rcxb6 Qxa2+ 23. R1b2 (23. Nd2 {is more complex.} Rac8 24. R1b2 Qa4 25. Qd3 Rc1 26. Qb3) 23... Qc4+ 24. Qd3 Qxd3+ (24... Qd5 $11) 25. Kxd3 Ne7 26. e4 Ng6 27. Ke3 Rfc8 28. R2b3 h6 29. h4 {[%cal Bh3h4,Bh4h5][%mdl 32]} Rc7 30. h5 Nf8 31. Ra3 a5 32. Rb5 Rca7 33. Ne5 a4 34. Rb4 Ra6 35. Rb7 (35. Rc4 {seems wilder.} f6 36. Nd3 Nd7 37. Nb2 Nb6 38. Rc6) 35... R6a7 36. Rxa7 (36. Rb5 {looks sharper.} Nd7 37. Nc4 g6 38. hxg6 fxg6 39. Rb4) 36... Rxa7 $16 {[%mdl 4096] Endspiel KTS-KTS} 37. Kd3 Nh7 38. Kc4 Ng5 39. f3 Ra8 40. Kb5 Rb8+ 41. Kc5 ({Schlechter ist} 41. Kxa4 Ra8+ 42. Kb4 Rxa3 $11) 41... f6 (41... f5 $16) 42. Nc6 $18 Rb3 43. Rxa4 Rxf3 44. d5 exd5 45. exd5 Rc3+ 46. Kd6 Nf7+ 47. Kd7 Rd3 $2 {[#]} (47... Kh7 48. d6 Rc5) 48. Ra8+ Kh7 49. Ke7 Ne5 50. Nxe5 {KTS-KT. Weiß setzt Matt.} Re3 51. d6 Rxe5+ {KT-KT} 52. Kd8 f5 53. d7 fxg4 54. Kc7 Rd5 55. d8=Q Rxd8 56. Rxd8 g6 57. Rd7+ Kg8 58. hxg6 h5 59. Kd6 g3 60. Ke5 {Precision: Weiß = 68%, Schwarz = 43%.} 1-0

[Event "22nd OIBM 2018"]
[Site "Gmund am Tegernsee"]
[Date "2018.10.30"]
[Round "4"]
[White "Wintzer, Joachim"]
[Black "Astengo, Corrado"]
[Result "1-0"]
[WhiteElo "2260"]
[BlackElo "2114"]
[Annotator "ChessBase"]
[PlyCount "65"]
[EventDate "2018.10.27"]
[EventType "swiss"]
[EventCountry "GER"]
[SourceTitle "playchess.com"]
[Source "ChessBase"]
[SourceQuality "1"]
[TimeControl "40/5400+30:1800+30"]

1. Nf3 {[%emt 0:00:00]} d5 {[%emt 0:00:00]} 2. g3 {[%emt 0:00:06]} Nf6 {[%emt 0:00:04]} 3. Bg2 {[%emt 0:00:15]} e6 {[%emt 0:00:25]} 4. c4 {[%emt 0:03:35]} Be7 {[%emt 0:00:16]} 5. O-O {[%emt 0:00:34]} O-O {[%emt 0:00:07]} 6. b3 {[%emt 0:00:19]} d4 {[%emt 0:02:21]} 7. e3 {[%emt 0:00:59]} Nc6 {[%emt 0:01:07]} 8. d3 {[%emt 0:04:55]} e5 {[%emt 0:04:30]} 9. exd4 {[%emt 0:00:45]} exd4 {[%emt 0:01:08]} 10. Bb2 {[%emt 0:04:09]} Bf5 {[%emt 0:02:19]} 11. Na3 {[%emt 0:02:19]} Qd7 {[%emt 0:02:34]} 12. Nc2 {[%emt 0:05:31]} Bc5 {[%emt 0:00:52]} 13. b4 {[%emt 0:26:55]} Nxb4 {[%emt 0:03:08]} 14. Nxb4 {[%emt 0:00:18]} Bxb4 {[%emt 0:00:02]} 15. Nxd4 {[%emt 0:01:20]} Bg4 {[%emt 0:14:38]} 16. Bf3 {[%emt 0:01:38]} Rad8 {[%emt 0:10:37]} 17. Nc2 Be7 {[%emt 0:04:28]} 18. d4 {[%emt 0:05:46]} c6 {[%emt 0:07:36]} 19. Ne3 {[%emt 0:02:17]} Bh3 {[%emt 0:07:04]} 20. Re1 {[%emt 0:00:25]} Rfe8 {[%emt 0:02:59]} 21. Qb3 {[%emt 0:04:26]} Be6 {[%emt 0:05:26]} 22. Rad1 {[%emt 0:00:43]} Qc7 {[%emt 0:05:10]} 23. d5 {[%emt 0:03:27]} cxd5 {[%emt 0:02:13]} 24. cxd5 {[%emt 0:00:08]} Bc8 {[%emt 0:00:14]} 25. Nc4 {[%emt 0:06:07]} Bd6 {[%emt 0:02:01]} 26. Nxd6 {[%emt 0:04:41]} Qxd6 {[%emt 0:01:05]} 27. Ba3 {[%emt 0:00:22]} Qa6 {[%emt 0:00:51]} 28. Be7 {[%emt 0:01:41]} Qa5 {[%emt 0:03:28]} 29. Re3 {[%emt 0:03:42]} Ng4 {[%emt 0:05:24]} 30. Bxd8 {[%emt 0:01:05]} Rxd8 {[%emt 0:00:54]} 31. Bxg4 {[%emt 0:02:55]} Bxg4 {[%emt 0:00:05]} 32. Rde1 {[%emt 0:00:23]} Bd7 {[%emt 0:02:18]} 33. Qxb7 {[%emt 0:00:33]} 1-0